000 00841nab a2200253 u 4500
001 14031
003 HDC
007 cr bn ---aaaaa
008 210214c my dr|nes 0 |0eng
040 _aHDC
245 0 _aM'sia's total trade up 19% to RM1.06 trillion /
246 _aMalaysia's total trade up 19% to RM1.06 trillion
260 _a[no place] :
_b[publisher not identified],
_c[no year]
336 _atext
_2rdacontent
337 _acomputer
_2rdamedia
338 _aonline resource
_2rdacarrier
650 _aExport
_94753
650 _aHalal food industry
_9128
710 _aThe Sun
856 _zRequest full-text at [email protected]
942 _2lcc
942 _cNEWS
942 _kNWSO 002959
999 _c11347
_d11347